KOHA-Header-6

Design Patterns (Record no. 10254)

000 -LEADER
fixed length control field 00244nam a2200109Ia 4500
100 ## - MAIN ENTRY--AUTHOR NAME
Personal name Gamma, Helm
245 #0 - TITLE STATEMENT
Title Design Patterns
260 ## - PUBLICATION, DISTRIBUTION, ETC. (IMPRINT)
Place of publication USA
Name of publisher Addison
Year of publication 2004
300 ## - PHYSICAL DESCRIPTION
Number of Pages 984
942 ## - ADDED ENTRY ELEMENTS (KOHA)
Koha item type Books

No items available.

Powered by Koha